[Event "Space Coast op 23rd"]
[Site "Cocoa Beach"]
[Date "2016.04.23"]
[Round "3"]
[White "Teodori, Dario M"]
[Black "Sokhanvari, Sam W"]
[Result "1-0"]
[WhiteElo "2014"]
[BlackElo "2032"]
[PlyCount "89"]
[EventDate "2016.04.22"]
[EventType "swiss"]
[EventRounds "5"]
[EventCountry "USA"]
[SourceTitle "CBM 172 Extra"]
[Source "ChessBase"]
[SourceDate "2016.06.21"]
[SourceVersion "1"]
[SourceVersionDate "2016.06.21"]
[SourceQuality "1"]

1. e4 c6 2. d4 d5 3. exd5 cxd5 4. c4 Nf6 5. Nc3 e6 6. c5 Nc6 7. Nf3 Be7 8. Bb5 Bd7 9. 0-0 0-0 10. Re1 Nb4 11. Bf1 b6 12. a3 Nc6 13. b4 bxc5 14. dxc5 a6 15. Rb1 Re8 16. Bf4 Nh5 17. Be3 Nf6 18. Bf4 Nh5 19. Be3 Nf6 20. h3 Ne4 21. Nxe4 dxe4 22. Nd2 f5 23. a4 Qc7 24. b5 axb5 25. axb5 f4 26. bxc6 fxe3 27. cxd7 exf2+ 28. Kh1 Red8 29. Rxe4 Qxd7 30. Qb3 Bxc5 31. Rxe6 Kh8 32. Ne4 Ba7 33. Ng5 Rf8 34. Rd1 Qc7 35. Qb1 g6 36. Red6 Rfb8 37. Qa1+ Qg7 38. Rd7 Qxa1 39. Rxh7+ Kg8 40. Bc4+ Kf8 41. Rxa1 Bd4 42. Rf7+ Ke8 43. Bb5+ Kd8 44. Ne6+ Kc8 45. Rc7# 1-0

[Event "Fort Myers Gulf Coast op 2nd"]
[Site "Fort Myers"]
[Date "2016.01.09"]
[Round "3"]
[White "Acor, Corey B"]
[Black "Teodori, Dario M"]
[Result "1-0"]
[WhiteElo "2312"]
[BlackElo "2035"]
[PlyCount "31"]
[EventDate "2016.01.08"]
[EventType "swiss"]
[EventRounds "5"]
[EventCountry "USA"]
[SourceTitle "CBM 170 Extra"]
[Source "ChessBase"]
[SourceDate "2016.02.25"]
[SourceVersion "1"]
[SourceVersionDate "2016.02.25"]
[SourceQuality "1"]

1. e4 d5 2. exd5 Qxd5 3. Nc3 Qd8 4. g3 Nf6 5. Bg2 c6 6. d3 Bg4 7. Nge2 e6 8. h3 Bxe2 9. Qxe2 Nbd7 10. g4 Be7 11. Bd2 a5 12. 0-0 0-0 13. f4 a4 14. a3 Nd5 15. Kh1 Nxc3 16. Bxc3 1-0